000 01062aam a2200337 i 4500
999 _c46003
_d46003
001 768714001
003 CO-MdFUSB
005 20201026164926.0
007 ta
008 200515t1972 enka|||| |||| 00| 0 eng d
020 _a[No incluye ISBN]
040 _bspa.
_aCO-MdFUSB
_cCO-MdFUSB
_dCO-MdFUSBC
_erda
041 _aeng
082 _223
_a299.6
_bG658
100 1 _aGoody, Jack
_eautor
245 1 4 _aThe myth of the Bagre
_c/ Jack Goody
264 1 _aOxford, Inglaterra :
_bThe Clarendon Press,
_c[1972]
264 4 _c© 1972
300 _a381 páginas
_c; 22 cm
336 _atexto
_btxt
_2rdacontent
337 _2rdamedia
_asin mediación
_bn
338 _2rdacarrier
_avolumen
_bnc
505 _aEl pueblo de LoDagaa y su clima intelectual - La acción religiosa entre los LoDagaa - La asociación Bagre - El mito Bagre - Las actuaciones Bagre - El texto del mito Bagre
563 _aPasta dura
650 7 _9251
_aCreación
650 0 _9938
_aDioses
653 _amitología
942 _cBK
945 _aJTF-925